Statistics for Human Body A-Z

Click here to take the quiz!

General Stats

  • This quiz has been taken 99,832 times
  • The average score is 17 of 26

Answer Stats

DescriptionAnswer% Correct
IColored part of the eyeIris
91%
BTwo-headed arm muscleBiceps
90%
FLargest boneFemur
88%
ALargest arteryAorta
85%
KBlood filtering organKidney
84%
MWhat's inside bonesMarrow
80%
RBack of the eyeRetina
78%
LVoice boxLarynx
75%
WUterusWomb
74%
GBile storage organGallbladder
73%
JVein of the neckJugular
73%
EOutermost layers of skinEpidermis
71%
ONerve connecting the eye and brainOptic Nerve
71%
NAnother word for the belly buttonNavel
70%
YWhat makes a man, genetically speakingY Chromosome
69%
QLarge muscle group above the
front of the knee
Quadriceps
67%
PGland that produces growth hormonePituitary Gland
62%
HUpper arm boneHumerus
61%
SDivides your nostrilsSeptum
61%
UWeird-looking thing that dangles
above the throat
Uvula
61%
VPumping chamber of the heartVentricle
57%
TLarge endocrine gland of the neckThyroid
55%
CLargest of three main
parts of the brain
Cerebrum
44%
DFirst part of
the small intestine
Duodenum
42%
X"Process" of the lower sternumXyphoid Process
17%
ZTechnical name of the cheekboneZygomatic Bone
15%

Score Distribution

Percentile by Number Answered

Percent of People with Each Score

Your Score History

You have not taken this quiz